000 00683nam a2200229Ia 4500
003 OSt
005 20230615095858.0
008 210423s2015 xx 000 0 und d
020 _a978-0-8153-4432-2
040 _cAL
041 _aeng
082 _a574.88
_223
_bALBM
100 _aALBERTS (Bruce);JOHNSON (Alexander);LEWIS (Julian);MORGAN (David);RAFF (Martin);ROBERTS (Keith);WALTER (Peter)
_987765
245 _aMolecular biology of the cell Ed 6
250 _a6
260 _aNew York
_bGarland Science
_c2015
300 _axxxiv,1342,88
_bPB
365 _b7012.5
_cGBP
650 _aMolecular Biology
_987766
906 _abiology ; cell ; Molecular
942 _2ddc
_cBK
999 _c169893
_d169893